000 00495nam a2200181Ia 4500
005 20250508161101.0
008 008 250505s9999 xx 000 0 eng d
037 _aTextual
040 _aFEDL
_beng
_cFEDL
041 _aeng
_2eng
084 _a915.4, IND
_qFEDL
100 _aLall J S Ed.
245 0 _aHimalaya: Aspects of change
260 _aDelhi, India
_bOxford University Press
_c1981
300 _axix,481p.
942 _cTEXL
_h915.4, IND
999 _c1368333
_d1368333